Discriminación /
Cada uno de nosotros es una particularidad y, ante tanta diversidad, solemos elegir relacionarnos con quienes se parecen a nosotros o con aquellos con los que compartimos algún gusto, alguna pasión. En la medida en que hacemos esto, vamos apartando a otros. De la misma manera funcionan las sociedade...
Guardado en:
| Autor Principal: | |
|---|---|
| Autor Corporativo: | |
| Otros Autores: | |
| Formato: | |
| Publicado: |
Argentina,
2012
|
| Series: | Conectados
|
| Materias: | |
| Acceso en línea: | https://www.educ.ar/recursos/104027/discriminacion |
| Etiquetas: |
Agregar Etiqueta
Sin Etiquetas, Sea el primero en etiquetar este registro!
|
| LEADER | 01402ngm a22003255g 4500 | ||
|---|---|---|---|
| 001 | CEM.cems024194 | ||
| 008 | 130507s2012##################0###0#####d | ||
| 005 | 20250908161107.0 | ||
| 245 | 1 | 0 | |a Discriminación / |c Carolina Soccol, Guillermina de Rosa y Paula Lorenzo. |
| 260 | |a Argentina, |c 2012 | ||
| 300 | |a 26'. | ||
| 490 | 0 | |a Conectados | |
| 538 | |a Soporte: DVD - Grabación DRD | ||
| 520 | |a Cada uno de nosotros es una particularidad y, ante tanta diversidad, solemos elegir relacionarnos con quienes se parecen a nosotros o con aquellos con los que compartimos algún gusto, alguna pasión. En la medida en que hacemos esto, vamos apartando a otros. De la misma manera funcionan las sociedades: dejando aparte a las minorías. La discriminación es la forma salvaje de los que no pueden tolerar lo diferente en el otro. | ||
| 500 | |a Consultar en ventanilla. | ||
| 100 | 1 | |a Soccol, Carolina. | |
| 710 | 2 | |a Canal Encuentro. | |
| 700 | 1 | |a de la Serna, Rodrigo; Presentador. | |
| 082 | 3 | 0 | |/ SOC-3 |
| 653 | |a CONECTAD@S | ||
| 653 | |a SOCIOLOGÍA | ||
| 653 | |a ADOLESCENTES | ||
| 653 | |a DISCRIMINACIÓN | ||
| 653 | |a WARGAMES | ||
| 653 | |a TÉCNICO MECÁNICO | ||
| 653 | |a ASTRONOMÍA | ||
| 653 | |a RAP | ||
| 653 | |a PROGRAMA DE TELEVISIÓN | ||
| 856 | |u https://www.educ.ar/recursos/104027/discriminacion | ||
| 859 | |a CEMS |b BIB. CEMS - Depto. Recursos Didacticos |h 301 |i SOC-3 |k DRD |p 2837.19 |t Ej.1 | ||
